[Event "FIDE World Bl Team Pool D"]
[Site "London ENG"]
[Date "2025.06.14"]
[Round "4.3"]
[White "Dasgupta, Avyukt"]
[Black "Anton Guijarro, David"]
[Result "0-1"]
[BlackTitle "GM"]
[WhiteElo "2125"]
[BlackElo "2642"]
[WhiteTeam "The London Legends"]
[BlackTeam "Team MGD1"]
[WhiteFideId "480630"]
[BlackFideId "2285525"]
[EventDate "2025.06.14"]
[EventType "team"]

1. d4 d5 2. Bf4 e6 3. e3 Nf6 4. Nd2 Bd6 5. Bg3 O-O 6. Ngf3 c5 7. c3 b6 8. Bd3
Ba6 9. Bxa6 Nxa6 10. O-O Nb8 11. Bxd6 Qxd6 12. Ne5 Nc6 13. f4 Qc7 14. Rf3 Ne7
15. Rg3 g6 16. Rh3 Ne4 17. Nxe4 dxe4 18. Qg4 Nf5 19. Qe2 f6 20. Ng4 Qc6 21. Nf2
Rfd8 22. Qc2 cxd4 23. exd4 Rxd4 24. Re1 e3 25. Ng4 Rd2 26. Nxf6+ Kg7 27. Qe4
Qxe4 28. Nxe4 Rxb2 29. g4 Nh6 30. Ng5 Nxg4 31. Rxh7+ Kg8 32. h3 Nf6 33. Re7 Nd5
34. Rxe6 Nxf4 35. R6xe3 Rf8 36. Re8 Rxe8 37. Rxe8+ Kg7 38. Re4 Ne2+ 39. Rxe2
Rxe2 40. a4 Ra2 41. Ne6+ Kf6 42. Nc7 Rxa4 43. Nd5+ Ke5 44. Ne7 g5 45. Kf2 Rc4
46. Ng6+ Kf6 47. Nf8 Rc7 0-1

[Event "FIDE World Bl Team Pool D"]
[Site "London ENG"]
[Date "2025.06.14"]
[Round "4.4"]
[White "Pranav, V"]
[Black "Vashisht-Pigem, Raman"]
[Result "1-0"]
[WhiteTitle "GM"]
[WhiteElo "2595"]
[BlackElo "1965"]
[WhiteTeam "Team MGD1"]
[BlackTeam "The London Legends"]
[WhiteFideId "25060783"]
[BlackFideId "469734"]
[EventDate "2025.06.14"]
[EventType "team"]

1. e4 e5 2. Nf3 Nc6 3. Nc3 Nf6 4. Bb5 Nd4 5. O-O c6 6. Bd3 Nxf3+ 7. Qxf3 Bc5 8.
Be2 O-O 9. d3 d6 10. Qg3 Kh8 11. Kh1 Be6 12. f4 exf4 13. Bxf4 Ne8 14. Rae1 a5
15. a3 b5 16. Nd1 d5 17. exd5 Bxd5 18. Nc3 b4 19. Nxd5 Qxd5 20. axb4 axb4 21. c3
Qd7 22. d4 Bd6 23. Bd3 bxc3 24. bxc3 Rd8 25. Qh4 f5 26. Bg5 Rc8 27. g4 Qc7 28.
Bxf5 g6 29. Bxc8 Qxc8 30. Rxf8+ Bxf8 31. Qf2 c5 32. Qxf8# 1-0

[Event "FIDE World Bl Team Pool D"]
[Site "London ENG"]
[Date "2025.06.14"]
[Round "4.5"]
[White "Mokhber-Garcia, Sebastian"]
[Black "Tsolakidou, Stavroula"]
[Result "0-1"]
[BlackTitle "IM"]
[WhiteElo "1853"]
[BlackElo "2428"]
[WhiteTeam "The London Legends"]
[BlackTeam "Team MGD1"]
[WhiteFideId "499269"]
[BlackFideId "4264312"]
[EventDate "2025.06.14"]
[EventType "team"]

1. e4 c5 2. Nf3 d6 3. Bb5+ Nd7 4. O-O a6 5. Be2 Ngf6 6. Nc3 e6 7. d4 cxd4 8.
Qxd4 Qc7 9. Bg5 Be7 10. Rad1 O-O 11. Bh4 b5 12. Bg3 e5 13. Qd2 Bb7 14. Nd5 Nxd5
15. exd5 Rac8 16. c3 Rfd8 17. Qd3 Nf6 18. Ng5 h6 19. Ne4 Nxd5 20. Bg4 Rb8 21.
Qf3 Nf6 22. Nxf6+ Bxf6 23. Qe3 Qc4 24. Be2 Qxa2 25. Qa7 Qxb2 26. Rxd6 Qxe2 27.
Rxd8+ Rxd8 28. Qxb7 Rd1 29. Qc8+ Kh7 30. Qf5+ g6 31. Qb1 0-1

[Event "FIDE World Bl Team Pool D"]
[Site "London ENG"]
[Date "2025.06.14"]
[Round "4.6"]
[White "Atharvaa P Tayade"]
[Black "Maton, Emily"]
[Result "1-0"]
[WhiteElo "1956"]
[BlackElo "1980"]
[WhiteTeam "Team MGD1"]
[BlackTeam "The London Legends"]
[WhiteFideId "25042955"]
[BlackFideId "343120293"]
[EventDate "2025.06.14"]
[EventType "team"]

1. e4 c5 2. Nc3 Nc6 3. g3 e6 4. Bg2 Nf6 5. d3 Be7 6. Nge2 O-O 7. O-O d5 8. exd5
exd5 9. Bg5 Be6 10. Nf4 d4 11. Bxf6 Bxf6 12. Ne4 Qe7 13. Qh5 Ne5 14. Nxe6 fxe6
15. f4 Nd7 16. Rae1 Qf7 17. Qg4 e5 18. Nd6 Qe7 19. Nf5 Qd8 20. Bxb7 Rb8 21. Bd5+
Kh8 22. b3 exf4 23. gxf4 Nb6 24. Be4 Qd7 25. Qg2 Rbe8 26. Bc6 Qxf5 27. Bxe8 Qc8
28. Bc6 Qc7 29. Be4 Qf7 30. Qh3 g6 31. Kh1 Bg7 32. f5 Qd7 33. Rf3 h6 34. Ref1 g5
35. Kg2 Bf6 36. Qxh6+ Kg8 37. Qg6+ Qg7 38. Rh3 Qxg6 39. fxg6 Nd7 40. Rh7 Ne5 41.
Bd5+ 1-0

[Event "FIDE World Bl Team Pool D"]
[Site "London ENG"]
[Date "2025.06.14"]
[Round "4.1"]
[White "Fernandez, Daniel Howard"]
[Black "Grahn, Vidar"]
[Result "1-0"]
[WhiteTitle "GM"]
[BlackTitle "FM"]
[WhiteElo "2484"]
[BlackElo "2239"]
[WhiteTeam "English Knightmares"]
[BlackTeam "Uppsala SSS"]
[WhiteFideId "5801605"]
[BlackFideId "1744780"]
[EventDate "2025.06.14"]
[EventType "team"]

1. b3 Nf6 2. Bb2 g6 3. g3 Bg7 4. Bg2 O-O 5. c4 c5 6. Nc3 Nc6 7. e3 e6 8. Nge2 d5
9. d3 d4 10. exd4 Nxd4 11. Nxd4 cxd4 12. Ne4 Nxe4 13. Bxe4 Qa5+ 14. Qd2 Qxd2+
15. Kxd2 Rb8 16. a4 a5 17. Ba3 Rd8 18. b4 axb4 19. Bxb4 b6 20. Rhb1 f5 21. Bg2
Bb7 22. Bxb7 Rxb7 23. a5 bxa5 24. Bxa5 Rdb8 25. Rxb7 Rxb7 26. Kc2 Bf8 27. f4 Kf7
28. Be1 h6 29. Bf2 Bc5 30. Ra5 Rc7 31. Kb3 Rb7+ 32. Rb5 Rc7 33. Be1 Be7 34. Ba5
Rc8 35. Rb7 Kf6 36. Bb6 Bc5 37. Bxc5 Rxc5 38. Kb4 Rc8 39. c5 Ra8 40. c6 Ra1 41.
Kc5 Rc1+ 42. Kd6 g5 43. c7 1-0

[Event "FIDE World Bl Team Pool D"]
[Site "London ENG"]
[Date "2025.06.14"]
[Round "4.2"]
[White "Frank, Anton"]
[Black "Banerjee, Supratit"]
[Result "0-1"]
[WhiteTitle "CM"]
[BlackTitle "FM"]
[WhiteElo "2183"]
[BlackElo "2311"]
[WhiteTeam "Uppsala SSS"]
[BlackTeam "English Knightmares"]
[WhiteFideId "1752383"]
[BlackFideId "2410079"]
[EventDate "2025.06.14"]
[EventType "team"]

1. e4 g6 2. d4 Bg7 3. Nf3 d6 4. Be2 Nf6 5. Nc3 O-O 6. O-O Nc6 7. d5 Nb8 8. Be3
a6 9. a4 Nbd7 10. a5 e6 11. h3 e5 12. b4 Nh5 13. Nd2 Nf4 14. Ra3 Qg5 15. Bxf4
exf4 16. Nf3 Qf6 17. Na4 Ne5 18. Nxe5 Qxe5 19. Bf3 Bd7 20. c4 Rae8 21. c5 Bb5
22. Re1 f5 23. cxd6 cxd6 24. Nb6 Re7 25. Ra2 Rfe8 26. Rc2 Qf6 27. Rc8 fxe4 28.
Rxe4 Rxe4 29. Bxe4 Rxc8 30. Nxc8 Qe5 31. Qc2 Bf8 32. Nb6 Qd4 33. Bf3 Qxb4 34.
Qc8 Qxa5 35. Qe6+ Kg7 36. Nc8 Qc7 37. Na7 Bd7 38. Qe4 Qc5 39. Bg4 Bxg4 40. hxg4
Qxa7 41. Qe6 b5 42. g5 Qf7 43. Qe4 Qb7 44. Qd4+ Kg8 45. Qxf4 b4 46. Qd4 b3 47.
Qb2 Bg7 48. Qe2 b2 49. Qe6+ Qf7 50. Qc8+ Bf8 51. Qb8 Qxd5 52. Qxb2 Qxg5 53. Qa2+
d5 54. Qxa6 Qf5 55. Qb6 Qe5 56. Qb3 Kg7 57. Qb7+ Be7 58. Qb3 d4 59. Qd3 Qe1+ 60.
Kh2 Qxf2 61. Qa6 Qf4+ 62. Kg1 Qe3+ 63. Kh1 d3 64. Qa1+ Kh6 65. Qh8 Qe1+ 66. Kh2
Bd6+ 67. Kh3 Qg3# 0-1

[Event "FIDE World Bl Team Pool D"]
[Site "London ENG"]
[Date "2025.06.14"]
[Round "4.3"]
[White "Shearsby, Jude"]
[Black "Strom-Engdahl, Alexander"]
[Result "1/2-1/2"]
[WhiteTitle "CM"]
[BlackTitle "FM"]
[WhiteElo "2160"]
[BlackElo "2320"]
[WhiteTeam "English Knightmares"]
[BlackTeam "Uppsala SSS"]
[WhiteFideId "462527"]
[BlackFideId "1741586"]
[EventDate "2025.06.14"]
[EventType "team"]

1. e4 c5 2. Nf3 Nc6 3. Bb5 Nf6 4. Nc3 g6 5. O-O Qc7 6. Re1 e5 7. Nd5 Qd8 8. d3
d6 9. Bg5 Bg7 10. Qd2 O-O 11. c3 a6 12. Ba4 Bg4 13. Bd1 Be6 14. Bb3 b5 15. a4 b4
16. Rac1 Rb8 17. Bc4 Na5 18. cxb4 Nxc4 19. dxc4 cxb4 20. Nxf6+ Bxf6 21. Bxf6
Qxf6 22. Qxd6 Rfd8 23. Qxe5 Qxe5 24. Nxe5 Rd2 25. b3 Kf8 26. Red1 Rbd8 27. Rxd2
Rxd2 28. Nc6 Rb2 29. Nxb4 Rxb3 30. Nxa6 Bxc4 31. Nc5 Ra3 32. h3 Be2 33. Re1 Bc4
34. Rc1 Be2 35. Rc2 Bd1 36. Rd2 Ra1 37. Kh2 Rc1 38. e5 g5 39. Nd3 Ra1 40. Nb2
Bb3 41. Rd3 Be6 42. Rd8+ Ke7 43. Ra8 Ra3 44. a5 Bd5 45. Ra7+ Ke6 46. Nd1 Kxe5
47. Ne3 Be6 48. a6 Kd6 49. Ra8 Kc7 50. Rh8 Rxa6 51. Rxh7 Ra2 52. Kg3 Kd6 53. Rh6
Ke7 54. Rh8 Kf6 55. Rb8 Ra3 56. h4 gxh4+ 57. Kxh4 Ra4+ 58. Kg3 Kg6 59. Rb5 Ra3
60. Re5 Kf6 61. Rc5 Kg6 62. Kf4 Ra4+ 63. Kf3 Ra3 64. g4 Rb3 65. Kg3 Ra3 66. Kf4
Ra4+ 67. Kg3 Ra3 68. Rb5 Rc3 69. Re5 Ra3 70. f4 Kg7 71. g5 Bd7 72. Kf3 Bc6+ 73.
Kf2 Ra2+ 74. Kg3 Ra3 75. Kg4 Bd7+ 76. Nf5+ Bxf5+ 77. Rxf5 Ra1 78. Rb5 Rg1+ 79.
Kf5 Ra1 80. Rd5 Rb1 81. Kg4 Rg1+ 82. Kf3 Rf1+ 83. Ke4 Re1+ 84. Kf5 Rb1 85. Re5
Rc1 86. Re3 Rb1 87. Kg4 Rg1+ 88. Rg3 Rb1 89. f5 Rf1 90. Rf3 Rg1+ 91. Kf4 Rc1 92.
Re3 Rf1+ 93. Ke5 Rg1 94. Kf4 Rf1+ 95. Rf3 Rb1 96. Kg4 Rg1+ 97. Rg3 Rf1 98. Rg2
Rc1 99. Re2 Rg1+ 100. Kf4 Rf1+ 101. Ke4 Rg1 102. Kf4 Rf1+ 103. Kg4 Rg1+ 104. Kf4 1/2-1/2

[Event "FIDE World Bl Team Pool D"]
[Site "London ENG"]
[Date "2025.06.14"]
[Round "4.4"]
[White "Nilsson, Oliver"]
[Black "Badacsonyi, Frankie"]
[Result "0-1"]
[BlackTitle "FM"]
[WhiteElo "2129"]
[BlackElo "2189"]
[WhiteTeam "Uppsala SSS"]
[BlackTeam "English Knightmares"]
[WhiteFideId "1730177"]
[BlackFideId "460400"]
[EventDate "2025.06.14"]
[EventType "team"]

1. e4 e6 2. d4 d5 3. Nc3 Nf6 4. e5 Nfd7 5. Nce2 c5 6. c3 Nc6 7. Nf3 a5 8. h4 a4
9. a3 Qa5 10. Be3 cxd4 11. Nexd4 Ndxe5 12. Nxe5 Nxe5 13. Qh5 Nc6 14. Bb5 Bd7 15.
Rh3 g6 16. Qe2 O-O-O 17. Bf4 Bg7 18. Nxc6 Bxc6 19. Bxc6 bxc6 20. Be5 Bxe5 21.
Qxe5 h5 22. Rf3 Qc7 23. Qxc7+ Kxc7 24. Rxf7+ Rd7 25. Rf6 Rg8 26. Rxe6 g5 27.
hxg5 Rxg5 28. Kf1 Rh7 29. Re3 Kb6 30. Rae1 Kc5 31. Re6 Rb7 32. R1e2 Rf5 33. g3
Kb5 34. Kg2 c5 35. R6e5 Rbf7 36. Rxf5 Rxf5 37. f4 Kc4 38. Kh3 d4 39. cxd4 cxd4
40. Kg2 d3 41. Rd2 Kd4 42. Kf3 Rb5 43. Kf2 Rc5 44. Kf3 Rc2 45. Rd1 Rxb2 46. f5
Kc3 47. f6 Rb6 48. Ke4 Re6+ 49. Kf5 Re2 50. Kg6 Kc2 51. Rxd3 Kxd3 52. f7 Rf2 53.
Kg7 Kc3 54. f8=Q Rxf8 55. Kxf8 Kb3 56. Kg7 Kxa3 57. Kg6 Kb3 58. Kxh5 a3 59. g4
a2 60. g5 a1=Q 61. Kh6 Qh8+ 0-1

[Event "FIDE World Bl Team Pool D"]
[Site "London ENG"]
[Date "2025.06.14"]
[Round "4.5"]
[White "Hng, Mei-En Emmanuelle"]
[Black "Ostensson, Julia"]
[Result "1-0"]
[WhiteTitle "WFM"]
[WhiteElo "2136"]
[BlackElo "1996"]
[WhiteTeam "English Knightmares"]
[BlackTeam "Uppsala SSS"]
[WhiteFideId "5804566"]
[BlackFideId "1747703"]
[EventDate "2025.06.14"]
[EventType "team"]

1. Nf3 Nf6 2. c4 g6 3. d4 Bg7 4. Nc3 d6 5. e4 O-O 6. h3 e5 7. dxe5 dxe5 8. Bg5
Qe8 9. Be2 c6 10. O-O Nbd7 11. b4 h6 12. Be3 Qe7 13. a3 Nh5 14. Qc2 Nf4 15. Rfe1
Nxe2+ 16. Rxe2 Nf6 17. Bc5 Qe8 18. Rd1 b6 19. Bxf8 Bxf8 20. Red2 Ba6 21. Ne2 Bb7
22. c5 bxc5 23. bxc5 a5 24. Ng3 Ba6 25. Qc3 Bg7 26. Rd6 Bc8 27. Rd8 1-0

[Event "FIDE World Bl Team Pool D"]
[Site "London ENG"]
[Date "2025.06.14"]
[Round "4.6"]
[White "Letoret, Tim"]
[Black "Jain, Gautam"]
[Result "1/2-1/2"]
[WhiteElo "1907"]
[BlackElo "1979"]
[WhiteTeam "Uppsala SSS"]
[BlackTeam "English Knightmares"]
[WhiteFideId "269638"]
[BlackFideId "425311"]
[EventDate "2025.06.14"]
[EventType "team"]

1. e4 e5 2. Nf3 Nc6 3. Bb5 a6 4. Ba4 Nf6 5. d3 b5 6. Bb3 Bc5 7. O-O O-O 8. Re1
d6 9. c3 Bg4 10. h3 Bh5 11. Nbd2 d5 12. Nf1 dxe4 13. dxe4 Qxd1 14. Bxd1 Rad8 15.
Ng3 Bg6 16. Bc2 h6 17. Be3 Bxe3 18. Rxe3 Nh5 19. Nxh5 Bxh5 20. Bb3 Na5 21. Nxe5
Rfe8 22. f4 Nxb3 23. axb3 f6 24. Nc6 Rd2 25. Rxa6 Rxb2 26. b4 Bg6 27. e5 fxe5
28. Nxe5 Bf5 29. Rc6 Rd8 30. Rxc7 g6 31. Rg3 Rd6 32. Rb7 Be4 33. Rxb5 Rd1+ 34.
Kh2 Rbb1 35. Rxg6+ Bxg6 36. Nxg6 Rh1+ 37. Kg3 Rhc1 38. Rc5 Rb3 39. Kg4 Rcxc3 40.
Rxc3 Rxc3 41. Ne7+ Kf7 42. Nd5 Rd3 43. Nc7 Rd7 44. Na6 Rb7 45. g3 Rb6 46. Nc5
Rxb4 47. Nd7 Kg7 48. Ne5 Rb3 49. Kh4 Rb1 50. Kg4 Rc1 51. h4 Ra1 52. Kf5 Rg1 53.
g4 Rh1 54. h5 Rh2 55. Nf3 Rh3 56. Nd4 Rh1 57. Ne6+ Kh7 58. Kf6 Rh4 59. Kf5 Rh1
60. Nf8+ Kg7 61. Ng6 Rh2 62. Ne5 Rh1 63. Nf3 Rh3 64. Nd4 Rh1 65. Ne6+ Kh7 66.
Nc7 Kg7 67. Nd5 Rh2 68. Nf6 Ra2 69. g5 Ra5+ 70. Kg4 hxg5 71. fxg5 Ra4+ 72. Kf5
Ra5+ 73. Kg4 Ra4+ 74. Kg3 Ra3+ 75. Kf4 Ra4+ 76. Ne4 Ra5 77. Ng3 Ra4+ 78. Kf3 Kh7
79. Ne4 Kg7 80. Kf4 Ra5 81. Ng3 Ra4+ 82. Kf5 Ra5+ 83. Kg4 Ra4+ 84. Kf3 Ra3+ 85.
Kf4 Ra4+ 86. Ne4 Ra5 87. Nd6 Rd5 88. Nf5+ Kh7 89. g6+ Kh8 90. Kg5 Rd7 91. h6 Ra7
92. Kf6 Ra6+ 93. Kf7 Ra7+ 94. Ne7 Ra8 95. h7 Rb8 96. g7+ Kxh7 97. g8=Q+ Rxg8 1/2-1/2

[Event "FIDE World Bl Team Pool D"]
[Site "London ENG"]
[Date "2025.06.14"]
[Round "4.1"]
[White "Amartuvshin, Ganzorig"]
[Black "Kawuma, Patrick"]
[Result "1-0"]
[WhiteTitle "IM"]
[BlackTitle "FM"]
[WhiteElo "2430"]
[BlackElo "2231"]
[WhiteTeam "Mongolia-A"]
[BlackTeam "Equity Bank, Kenya"]
[WhiteFideId "4902548"]
[BlackFideId "10000127"]
[EventDate "2025.06.14"]
[EventType "team"]

1. d4 Nf6 2. c4 e6 3. Nc3 Bb4 4. e3 O-O 5. Bd3 c5 6. Ne2 d5 7. a3 cxd4 8. exd4
dxc4 9. Bxh7+ Nxh7 10. axb4 Nc6 11. b5 Nb4 12. O-O b6 13. Ra4 Qe7 14. b3 a5 15.
bxc4 Bb7 16. Na2 Rfc8 17. Nxb4 axb4 18. Rxa8 Bxa8 19. Qb3 Qc7 20. Qxb4 Qxc4 21.
Qxc4 Rxc4 22. Be3 Rb4 23. Nc3 Nf6 24. h3 Nd5 25. Ra1 Nxc3 26. Rxa8+ Kh7 27. Rf8
Kg6 28. g4 Rxb5 29. h4 f6 30. h5+ Kh7 31. Re8 e5 32. dxe5 fxe5 33. Re7 Kg8 34.
g5 e4 35. g6 Kf8 36. Rf7+ Ke8 37. Rxg7 Rxh5 38. Rh7 Rf5 39. Rh8+ Ke7 40. g7 1-0

[Event "FIDE World Bl Team Pool D"]
[Site "London ENG"]
[Date "2025.06.14"]
[Round "4.2"]
[White "Gurevich, Artjom"]
[Black "Munkhdalai, Amilal"]
[Result "0-1"]
[BlackTitle "IM"]
[WhiteElo "2183"]
[BlackElo "2385"]
[WhiteTeam "Equity Bank, Kenya"]
[BlackTeam "Mongolia-A"]
[WhiteFideId "2603870"]
[BlackFideId "4903250"]
[EventDate "2025.06.14"]
[EventType "team"]

1. d4 Nf6 2. Nf3 e6 3. c4 d5 4. g3 dxc4 5. Bg2 a6 6. a4 Nc6 7. O-O Rb8 8. e3 b5
9. axb5 axb5 10. b3 cxb3 11. Qxb3 Be7 12. Nc3 b4 13. Na4 O-O 14. Bb2 Bb7 15. Nc5
Bxc5 16. dxc5 Qd5 17. Nd4 Nxd4 18. Bxd5 Ne2+ 19. Kg2 Bxd5+ 20. Qxd5 Nxd5 21. e4
Ndc3 22. Ra7 Rfc8 23. Kf3 Nd4+ 24. Ke3 Ndb5 25. Ra6 Rd8 26. f4 Nd1+ 27. Kf3 Nxb2
28. Rb1 Nd3 29. Ke2 0-1

[Event "FIDE World Bl Team Pool D"]
[Site "London ENG"]
[Date "2025.06.14"]
[Round "4.3"]
[White "Munkhzul, Turmunkh"]
[Black "Andiwoh, Moses"]
[Result "1-0"]
[WhiteTitle "WGM"]
[WhiteElo "2236"]
[BlackElo "1796"]
[WhiteTeam "Mongolia-A"]
[BlackTeam "Equity Bank, Kenya"]
[WhiteFideId "4901878"]
[BlackFideId "10801502"]
[EventDate "2025.06.14"]
[EventType "team"]

1. e4 d5 2. exd5 Nf6 3. d4 Bg4 4. f3 Bf5 5. g4 Bg6 6. c4 e6 7. dxe6 Nc6 8. d5
Nb4 9. Na3 Bc5 10. Bd2 O-O 11. Qb3 a5 12. Be3 Qd6 13. e7 Rfe8 14. Kf2 Rxe7 15.
Bxc5 Qxc5+ 16. Kg2 Re3 17. Qd1 Rae8 18. Nh3 h5 19. g5 Nh7 20. Nb5 c6 21. Qd4 Qe7
22. d6 Qd7 23. Na3 Nd3 24. Bxd3 Rxd3 25. Qf2 Rde3 26. Rhe1 R3e6 27. Nf4 Bf5 28.
Nxe6 Rxe6 29. Rxe6 Qxe6 30. Re1 Qxd6 31. Re2 Nxg5 32. Rd2 Bh3+ 33. Kg1 Qe6 34.
Qe2 1-0

[Event "FIDE World Bl Team Pool D"]
[Site "London ENG"]
[Date "2025.06.14"]
[Round "4.4"]
[White "Kuka Kyle"]
[Black "Gan-Od, Sereenen"]
[Result "0-1"]
[BlackTitle "FM"]
[WhiteElo "1892"]
[BlackElo "2320"]
[WhiteTeam "Equity Bank, Kenya"]
[BlackTeam "Mongolia-A"]
[WhiteFideId "10831533"]
[BlackFideId "4901304"]
[EventDate "2025.06.14"]
[EventType "team"]

1. e4 c6 2. d3 d5 3. Nd2 g6 4. g3 Bg7 5. Bg2 Nf6 6. Ngf3 O-O 7. O-O c5 8. Re1
Bg4 9. h3 Bxf3 10. Bxf3 e6 11. c3 Nc6 12. Nf1 b5 13. h4 b4 14. exd5 Nxd5 15. Bd2
a5 16. Rc1 a4 17. Ne3 a3 18. Nxd5 axb2 19. Rc2 exd5 20. cxb4 Nd4 21. Rxc5 Nxf3+
22. Qxf3 Rxa2 23. Rxd5 Qa8 24. Qe4 Ra1 25. d4 Qa2 26. Ra5 Rxe1+ 27. Qxe1 b1=Q
28. Rxa2 Qxa2 29. b5 Bxd4 0-1

[Event "FIDE World Bl Team Pool D"]
[Site "London ENG"]
[Date "2025.06.14"]
[Round "4.5"]
[White "Uuriintuya, Uurtsaikh"]
[Black "Mutisya, Jully"]
[Result "1-0"]
[WhiteTitle "WGM"]
[BlackTitle "WCM"]
[WhiteElo "2141"]
[BlackElo "1822"]
[WhiteTeam "Mongolia-A"]
[BlackTeam "Equity Bank, Kenya"]
[WhiteFideId "4900227"]
[BlackFideId "10814922"]
[EventDate "2025.06.14"]
[EventType "team"]

1. e4 d6 2. d4 Nf6 3. Nc3 g6 4. Be3 c6 5. Qd2 b5 6. Bd3 Nbd7 7. Nf3 Ng4 8. Bg5
h6 9. Bh4 Bg7 10. O-O O-O 11. h3 Ngf6 12. e5 Ne8 13. e6 Ndf6 14. exf7+ Rxf7 15.
Bxg6 Rf8 16. Rfe1 Nc7 17. Re2 Ncd5 18. Rae1 b4 19. Nxd5 Nxd5 20. Rxe7 Nxe7 21.
Bxe7 Qa5 22. Bxf8 Bxf8 23. Qf4 Qd5 24. Re8 Bb7 25. Qxf8# 1-0

[Event "FIDE World Bl Team Pool D"]
[Site "London ENG"]
[Date "2025.06.14"]
[Round "4.6"]
[White "Ongono, Victor"]
[Black "Han, Qixuan"]
[Result "0-1"]
[WhiteElo "1560"]
[BlackElo "1896"]
[WhiteTeam "Equity Bank, Kenya"]
[BlackTeam "Mongolia-A"]
[WhiteFideId "10805214"]
[BlackFideId "496944"]
[EventDate "2025.06.14"]
[EventType "team"]

1. e4 c5 2. Bc4 e6 3. Nf3 d5 4. exd5 exd5 5. Be2 Nf6 6. d3 Bd6 7. Bg5 O-O 8. Nc3
Be6 9. O-O h6 10. Bh4 Nbd7 11. Re1 Qc7 12. Qd2 d4 13. Nd1 Nd5 14. Bg3 Bxg3 15.
fxg3 Rfe8 16. Nf2 Ne3 17. Ne4 Bd5 18. Nf2 Qb6 19. b3 Qg6 20. Nh4 Qc6 21. Bf3 Ne5
22. Ne4 g5 23. Nf5 Nxf5 24. Nxg5 Nxf3+ 25. Nxf3 Bxf3 26. gxf3 Qxf3 27. Rf1 Qe3+
28. Qxe3 Nxe3 29. Rf4 Nxc2 30. Raf1 Ne3 31. R1f2 Re7 32. h4 Rae8 33. Kh2 h5 0-1

[Event "FIDE World Bl Team Pool D"]
[Site "London ENG"]
[Date "2025.06.14"]
[Round "4.3"]
[White "Kozak, Adam"]
[Black "Arakhamia-Grant, Ketevan"]
[Result "1-0"]
[WhiteTitle "GM"]
[BlackTitle "GM"]
[WhiteElo "2587"]
[BlackElo "2269"]
[WhiteTeam "Team Hungary"]
[BlackTeam "Perfect"]
[WhiteFideId "753246"]
[BlackFideId "13600168"]
[EventDate "2025.06.14"]
[EventType "team"]

1. d4 Nf6 2. c4 g6 3. Nc3 Bg7 4. e4 d6 5. Nf3 O-O 6. Be2 e5 7. O-O Nc6 8. d5 Ne7
9. Ne1 Nd7 10. Be3 f5 11. f3 f4 12. Bf2 g5 13. a4 a5 14. Nd3 b6 15. b4 Ng6 16.
bxa5 Rxa5 17. Nb4 Ne7 18. Nc6 Nxc6 19. dxc6 Nf6 20. Nd5 Nxd5 21. cxd5 h5 22. Be1
Ra8 23. a5 bxa5 24. Rxa5 Rxa5 25. Bxa5 Bf6 26. Qb3 g4 27. Qb8 Rf7 28. Rb1 Rg7
29. Rb7 gxf3 30. Bxf3 Bh4 31. Rxc7 Rxc7 32. Bxc7 1-0

[Event "FIDE World Bl Team Pool D"]
[Site "London ENG"]
[Date "2025.06.14"]
[Round "4.4"]
[White "Gluhovsky, Mark"]
[Black "Ruck, Robert"]
[Result "0-1"]
[BlackTitle "GM"]
[WhiteElo "2224"]
[BlackElo "2515"]
[WhiteTeam "Perfect"]
[BlackTeam "Team Hungary"]
[WhiteFideId "24165514"]
[BlackFideId "705713"]
[EventDate "2025.06.14"]
[EventType "team"]

1. e4 c6 2. Nf3 d5 3. d3 g6 4. e5 Bg7 5. d4 f6 6. Be2 fxe5 7. dxe5 Nd7 8. Bf4
Qc7 9. c4 e6 10. cxd5 exd5 11. Nc3 Ne7 12. Rc1 O-O 13. Bg3 Nc5 14. Nxd5 cxd5 15.
b4 b6 16. O-O Bb7 17. Nd4 Nf5 18. Ne6 Nxe6 19. Rxc7 Nxc7 20. f4 Ne3 21. Qc1 Nxf1
22. Qxc7 Nxg3 23. hxg3 Rf7 24. Qd6 Bf8 25. Qe6 Rd8 26. Bd3 Bc8 27. Qc6 Bf5 28.
Be2 Kg7 29. g4 Be4 30. g3 Bxb4 31. g5 Bc5+ 32. Kh2 Bf5 33. e6 Re7 34. g4 Bxe6
35. Kg3 d4 36. Bd3 Bd5 37. Qb5 Re3+ 38. Kh4 Bg2 0-1

[Event "FIDE World Bl Team Pool D"]
[Site "London ENG"]
[Date "2025.06.14"]
[Round "4.5"]
[White "Gaal, Zsoka"]
[Black "Atlas, Dmitry"]
[Result "1-0"]
[WhiteTitle "WGM"]
[BlackTitle "FM"]
[WhiteElo "2391"]
[BlackElo "2107"]
[WhiteTeam "Team Hungary"]
[BlackTeam "Perfect"]
[WhiteFideId "777765"]
[BlackFideId "12000051"]
[EventDate "2025.06.14"]
[EventType "team"]

1. d4 d5 2. c4 c6 3. cxd5 cxd5 4. Bf4 Nc6 5. e3 Bf5 6. Nc3 a6 7. Be2 e6 8. Nf3
Nf6 9. h3 Bd6 10. Bxd6 Qxd6 11. O-O h6 12. Qb3 b5 13. Rfc1 O-O 14. Qd1 Rfc8 15.
a4 b4 16. Nb1 Na5 17. Nbd2 Ne4 18. Nxe4 Bxe4 19. Ne5 f6 20. Nd3 Nb7 21. Qd2 a5
22. Rc2 Qd7 23. Rac1 Rxc2 24. Qxc2 Nd6 25. Nc5 Qe7 26. Bd3 Rc8 27. b3 Bxd3 28.
Qxd3 Ne4 29. Qa6 1-0

[Event "FIDE World Bl Team Pool D"]
[Site "London ENG"]
[Date "2025.06.14"]
[Round "5.1"]
[White "Sagalchik, Gennadij"]
[Black "Grischuk, Alexander"]
[Result "0-1"]
[WhiteTitle "GM"]
[BlackTitle "GM"]
[WhiteElo "2434"]
[BlackElo "2667"]
[WhiteTeam "Perfect"]
[BlackTeam "KazChess"]
[WhiteFideId "2007916"]
[BlackFideId "4126025"]
[EventDate "2025.06.14"]
[EventType "team"]

1. d4 e6 2. Nf3 c5 3. e3 Nf6 4. c4 a6 5. Nc3 d5 6. a3 dxc4 7. Bxc4 b5 8. Bd3 Bb7
9. O-O Nbd7 10. Re1 Be7 11. Bc2 O-O 12. e4 cxd4 13. Nxd4 Ne5 14. b3 Rc8 15. Bb2
Qb6 16. f4 Rfd8 17. Nd5 exd5 18. fxe5 dxe4 19. b4 Nd5 20. Bxe4 Nc3 21. Bxc3 Rxc3
22. Bxb7 Rxd4 23. Qxd4 Qxd4+ 24. Kh1 0-1

[Event "FIDE World Bl Team Pool D"]
[Site "London ENG"]
[Date "2025.06.14"]
[Round "5.2"]
[White "Rapport, Richard"]
[Black "Atlas, Valery"]
[Result "1-0"]
[WhiteTitle "GM"]
[BlackTitle "IM"]
[WhiteElo "2714"]
[BlackElo "2401"]
[WhiteTeam "KazChess"]
[BlackTeam "Perfect"]
[WhiteFideId "738590"]
[BlackFideId "12000035"]
[EventDate "2025.06.14"]
[EventType "team"]

1. e4 c5 2. Nf3 e6 3. d3 d6 4. g3 Nf6 5. Bg2 Be7 6. O-O O-O 7. a4 Nbd7 8. Nfd2
a6 9. a5 Ra7 10. f4 b5 11. axb6 Nxb6 12. Nc3 Rc7 13. g4 d5 14. g5 Ne8 15. h4 f5
16. Qe2 d4 17. Na4 Nxa4 18. Rxa4 Bd6 19. Nc4 Re7 20. Bd2 Bc7 21. e5 g6 22. h5
Rg7 23. h6 Rgf7 24. b4 Qd7 25. Rfa1 Qb5 26. bxc5 Qxc5 27. Bb4 Qb5 28. Bxf8 Kxf8
29. Qd2 Bd8 30. Qb4+ Be7 31. Qxb5 axb5 32. Ra8 1-0